Rainbow Six Siege Operators by Name - Statistics

General Stats
  • This quiz has been taken 463 times
    461 since last reset
  • The average score is 32 of 36
Answer Stats
Hint Answer % Correct
Eliza Cohen Ash
96%
Seamus Cowden Sledge
94%
Mark R. Chander Mute
93%
Zofia Bosak Zofia
93%
Craig Jenson Blackbeard
92%
Gustave Kateb Doc
92%
Elżbieta Bosak Ela
92%
James Porter Smoke
92%
Mike Baker Thatcher
92%
Jordan Trace Thermite
92%
Timur Glazkov Glaz
91%
Julien Nizan Rook
91%
Elias Kötz Blitz
90%
Shuhrat Kessikbayev Fuze
90%
Monika Weiss IQ
90%
Emmanuelle Pichon Twitch
90%
Siu Mei Lin Ying
90%
Dominic Brunsmeier Bandit
89%
Miles Campbell Castle
89%
Marius Streicher Jäger
89%
Maxim Basuda Kapkan
89%
Jack Estrada Pulse
89%
Masaru Enatsu Echo
88%
Tina Lin Tsang Frost
88%
Yumiko Imagawa Hibana
88%
Liu Tze Long Lesion
88%
Gilles Touré Montagne
88%
Sébastien Côté Buck
87%
Alexsandr Senaviev Tachanka
87%
Ryad Ramírez Al-Hassar Jackal
86%
Elena María Álvarez Mira
86%
Chul Kyung Hwa Vigil
86%
Taina Pereira Caveira
85%
Meghan J. Castellano Valkyrie
83%
Vicente Souza Capitão
82%
Grace Nam Dokkaebi
81%
No matching quizzes found
Score Distribution
Percent of People with Each Score
Percentile by Number Answered
Your Score History
You have not taken this quiz since the last reset